Lalithambika Antharjanathinte Kathakal Samboornam (Record no. 113359)

MARC details
000 -LEADER
fixed length control field 00432nam a2200121Ia 4500
008 - FIXED-LENGTH DATA ELEMENTS--GENERAL INFORMATION
fixed length control field 211119s9999||||xx |||||||||||||| ||und||
082 ## - DEWEY DECIMAL CLASSIFICATION NUMBER
Classification number 894.8123
Item number ANT-L
100 ## - MAIN ENTRY--PERSONAL NAME
Personal name Antharjanam, Lalithambika
245 #0 - TITLE STATEMENT
Title Lalithambika Antharjanathinte Kathakal Samboornam
260 ## - PUBLICATION, DISTRIBUTION, ETC.
Name of publisher, distributor, etc. D c Books
Place of publication, distribution, etc. 2009
Date of publication, distribution, etc. Kottayam
650 ## - SUBJECT ADDED ENTRY--TOPICAL TERM
Topical term or geographic name entry element Malayalam Literature
942 ## - ADDED ENTRY ELEMENTS (KOHA)
Koha item type BOOK
650 ## - SUBJECT ADDED ENTRY--TOPICAL TERM
Form subdivision Malayalam FictionMalayalam NovelsShort StoriesMalayalam
General subdivision Post Graduate Reference
Holdings
Withdrawn status Lost status Damaged status Not for loan Home library Current library Date acquired Cost, normal purchase price Total Checkouts Full call number Barcode Shelving location Date last seen Price effective from Koha item type
        SB LIBRARY SB LIBRARY 19/11/2021 350.00   894.8123 ANT-L 00126817 POST GRADUATE REFERENCE 19/11/2021 19/11/2021 BOOK

Powered by Koha